000 00308nam a2200121Ia 4500
008 240731s9999 xx 000 0 und d
022 _a2169-7221
245 0 _aChina Journal of Accounting Studies
260 _bRoutledge
856 _uhttps://www.tandfonline.com/loi/rcja20
942 _2ddc
942 _cTFEJ
999 _c75832
_d75832
945 _a1
_bMadushi Gamage
_c1
_dMadushi Gamage